Cassandra Clare Books - Statistics

General Stats
  • This quiz has been taken 354 times
  • The average score is 8 of 10
Answer Stats
Hint Answer % Correct
Mortal City of Bones
100%
Mortal City of Glass
95%
Mortal City of Ashes
89%
Infernal Clockwork Prince
89%
Mortal City of Heavenly Fire
87%
Infernal Clockwork Angel
85%
Infernal Clockwork Princess
83%
Mortal City of Fallen Angels
78%
Mortal City of Lost Souls
73%
"Codex" Shadowhunters Codex
42%
No matching quizzes found
Score Distribution
Percent of People with Each Score
Percentile by Number Answered
Your Score History
You have not taken this quiz